| 000 | 00537cam a22001934a 4500 | ||
|---|---|---|---|
| 005 | 20250605164254.0 | ||
| 008 | 250528s ||||||||||||||||||||||||d | ||
| 035 | _a21839 | ||
| 040 |
_aGR-AtMCL _bgre _dGR-AtMCL _eAACR2 |
||
| 245 | 1 | _aΑΣΚΗΣΕΙΣ ΑΠΕΙΡΟΣΤΙΚΟΥ ΛΟΓΙΣΜΟΥ ΤΟΜΟΣ 1 | |
| 250 | _a1 | ||
| 260 |
_bΑυτοεκδοση, _c1993 |
||
| 300 | _a454 | ||
| 700 | 1 |
_aΣαπουνακης Αρ _97440 |
|
| 700 | 1 |
_aΦουντας Ευαγ _97441 |
|
| 942 | _cBK | ||
| 999 |
_c6897 _d6897 |
||